书目信息 |
| 题名: |
奥瑟罗
|
|
| 作者: | 莎士比亚 著 ;李爱梅 著 | |
| 分册: | ||
| 出版信息: | 北京 中国致公出版社 2005 |
|
| 页数: | 172页 | |
| 开本: | 20cm | |
| 丛书名: | 永久记忆版世界文学传世名作 | |
| 单 册: | ||
| 中图分类: | I561.33 | |
| 科图分类: | ||
| 主题词: | 悲剧--bei ju--剧本--英国--中世纪 | |
| 电子资源: | ||
| ISBN: | 7-80179-460-5 | |
| 000 | 01011nam 2200265 450 | |
| 001 | 012006007234 | |
| 005 | 20081223103840.98 | |
| 010 | @a7-80179-460-5@dCNY27.00 | |
| 100 | @a20060714d2005 km y0chiy0120 ea | |
| 101 | 1 | @achi@ceng |
| 102 | @aCN@b110000 | |
| 105 | @ay z 000ay | |
| 200 | 1 | @a奥瑟罗@Aao se luo@d= Romeo and Juliet@f(英)莎士比亚著@F(ying)sha shi bi ya zhu@g李爱梅著@Gli ai mei zhu@zeng |
| 210 | @a北京@c中国致公出版社@d2005 | |
| 215 | @a172页@d20cm | |
| 225 | 2 | @a永久记忆版世界文学传世名作@Ayong jiu ji yi ban shi jie wen xue chuan shi ming zuo |
| 330 | @a本书内容介绍了:威尼斯,街道;另一街道;议事厅;赛马普勒斯海口一市镇,码头附近的广场;街道;城堡中的厅堂;赛普勒斯,城堡前等。 | |
| 410 | 0 | @12001 @a永久记忆版世界文学传世名作 |
| 510 | 1 | @aRomeo and Juliet@zeng |
| 606 | 0 | @a悲剧@Abei ju@x剧本@y英国@z中世纪 |
| 690 | @aI561.33@v4 | |
| 701 | 1 | @a莎士比亚@Asha shi bi ya@4著 |
| 702 | 0 | @a李爱梅@Ali ai mei@4著 |
| 801 | 0 | @aCN@bRULIN@c20081223 |
| 905 | @aZUCC@dI561.33@eS071 | |
| 奥瑟罗= Romeo and Juliet/(英)莎士比亚著/李爱梅著.-北京:中国致公出版社,2005 |
| 172页;20cm.-(永久记忆版世界文学传世名作) |
| ISBN 7-80179-460-5:CNY27.00 |
| 本书内容介绍了:威尼斯,街道;另一街道;议事厅;赛马普勒斯海口一市镇,码头附近的广场;街道;城堡中的厅堂;赛普勒斯,城堡前等。 |
| ● |
| 相关链接 |
|
|
|
正题名:奥瑟罗
索取号:I561.33/S071
 
预约/预借
| 序号 | 登录号 | 条形码 | 馆藏地/架位号 | 状态 | 备注 |
| 1 | 718114 | 207181146 | 社科二线422/116文学库 19排4列5层/ [索取号:I561.33/S071] | 在馆 | |
| 2 | 718117 | 207181173 | 社科二线400B/400B社科库 29排1列1层/ [索取号:I561.33/S071] | 在馆 | |
| 3 | 718118 | 207181182 | 文学库116/116文学库 19排4列5层/ [索取号:I561.33/S071] | 在馆 |